Modern Indian poetry in English / (Record no. 545460)
[ view plain ]
| 000 -LEADER | |
|---|---|
| fixed length control field | 00810cam a2200217 a 4500 |
| 020 ## - INTERNATIONAL STANDARD BOOK NUMBER | |
| International Standard Book Number | 019567197X (pbk.) |
| 082 04 - DEWEY DECIMAL CLASSIFICATION NUMBER | |
| Classification number | 821.95491 |
| Author Mark | KIN |
| -- | N-01, P-156 |
| 100 1# - MAIN ENTRY--PERSONAL NAME | |
| Personal name | King, Bruce, |
| 9 (RLIN) | 41316 |
| 245 10 - TITLE STATEMENT | |
| Title | Modern Indian poetry in English / |
| Statement of responsibility, etc. | Bruce King. |
| 250 ## - EDITION STATEMENT | |
| Edition statement | Rev. ed. |
| 260 ## - PUBLICATION, DISTRIBUTION, ETC. | |
| Place of publication, distribution, etc. | New Delhi ; |
| -- | New York : |
| Name of publisher, distributor, etc. | Oxford University Press, |
| Date of publication, distribution, etc. | 2007. |
| 300 ## - PHYSICAL DESCRIPTION | |
| Extent | x, 416 p. ; |
| Dimensions | 22 cm. |
| 500 ## - GENERAL NOTE | |
| General note | Includes index. |
| 526 ## - STUDY PROGRAM INFORMATION NOTE | |
| Program name | 0 |
| Interest level | 0 |
| Reading level | 0 |
| Title point value | 821_954910000000000_KIN |
| 650 #0 - SUBJECT ADDED ENTRY--TOPICAL TERM | |
| Topical term or geographic name entry element | Indic poetry (English) |
| General subdivision | History and criticism. |
| 9 (RLIN) | 41317 |
| 650 #0 - SUBJECT ADDED ENTRY--TOPICAL TERM | |
| Topical term or geographic name entry element | NUST |
| 9 (RLIN) | 6342 |
| 856 41 - ELECTRONIC LOCATION AND ACCESS | |
| Uniform Resource Identifier | <a href="http://www.loc.gov/catdir/enhancements/fy0635/2006270047-t.html">http://www.loc.gov/catdir/enhancements/fy0635/2006270047-t.html</a> |
| 856 42 - ELECTRONIC LOCATION AND ACCESS | |
| Uniform Resource Identifier | <a href="http://www.loc.gov/catdir/enhancements/fy0635/2006270047-d.html">http://www.loc.gov/catdir/enhancements/fy0635/2006270047-d.html</a> |
| 856 42 - ELECTRONIC LOCATION AND ACCESS | |
| Uniform Resource Identifier | <a href="http://www.loc.gov/catdir/enhancements/fy0723/2006270047-b.html">http://www.loc.gov/catdir/enhancements/fy0723/2006270047-b.html</a> |
| 942 ## - ADDED ENTRY ELEMENTS (KOHA) | |
| Source of classification or shelving scheme | |
| Koha item type | Book |
| Withdrawn status | Lost status | Source of classification or shelving scheme | Damaged status | Not for loan | Permanent Location | Current Location | Date acquired | Total Checkouts | Full call number | Barcode | Date last seen | Price effective from | Koha item type |
|---|---|---|---|---|---|---|---|---|---|---|---|---|---|
| Military College of Engineering (MCE) | Military College of Engineering (MCE) | 05/22/2014 | 821.95491 KIN | MCE-39138 | 05/22/2014 | 05/22/2014 | Book |
